Edexcel IGCSE Chemistry: (Record no. 109796)
[ view plain ]
| 000 -LEADER | |
|---|---|
| fixed length control field | 00496nam a2200193 a 4500 |
| 005 - DATE AND TIME OF LATEST TRANSACTION | |
| control field | 20140414093849.0 |
| 008 - FIXED-LENGTH DATA ELEMENTS--GENERAL INFORMATION | |
| fixed length control field | 110920s19uu xx uuu eng d |
| 050 ## - LIBRARY OF CONGRESS CALL NUMBER | |
| Classification number | CD 540 |
| Item number | C593 2009 |
| 100 ## - MAIN ENTRY--PERSONAL NAME | |
| Personal name | Clark, Jim |
| 245 ## - TITLE STATEMENT | |
| Title | Edexcel IGCSE Chemistry: |
| Remainder of title | ActiveBook CD-ROM / |
| Statement of responsibility, etc | Jim Clark. |
| 260 ## - PUBLICATION, DISTRIBUTION, ETC. (IMPRINT) | |
| Place of publication, distribution, etc | England : |
| Name of publisher, distributor, etc | Pearson education Limited, |
| Date of publication, distribution, etc | 2009. |
| 650 ## - SUBJECT ADDED ENTRY--TOPICAL TERM | |
| Topical term or geographic name as entry element | Chemistry |
| 942 ## - ADDED ENTRY ELEMENTS (KOHA) | |
| Koha item type | Audio Visual Materials |
| Withdrawn status | Lost status | Damaged status | Home library | Current library | Shelving location | Date acquired | Total Checkouts | Full call number | Barcode | Date last seen | Price effective from | Koha item type |
|---|---|---|---|---|---|---|---|---|---|---|---|---|
| Luxembourg Library | Luxembourg Library | Audio Visual Material Section | 09/20/2011 | CD 540 C593 2009 | AV1473 | 04/14/2014 | 04/14/2014 | Audio Visual Materials | ||||
| Luxembourg Library | Luxembourg Library | Audio Visual Material Section | 09/20/2011 | CD 540 C593 2009 | AV1474 | 04/14/2014 | 04/14/2014 | Audio Visual Materials | ||||
| Luxembourg Library | Luxembourg Library | Audio Visual Material Section | 05/07/2012 | CD 540 C593 2009 | AV1488 | 04/14/2014 | 04/14/2014 | Audio Visual Materials | ||||
| Luxembourg Library | Luxembourg Library | Audio Visual Material Section | 05/07/2012 | CD 540 C593 2009 | AV1489 | 04/14/2014 | 04/14/2014 | Audio Visual Materials | ||||
| Luxembourg Library | Luxembourg Library | Audio Visual Material Section | 05/07/2012 | CD 540 C593 2009 | AV1490 | 01/15/2020 | 04/14/2014 | Audio Visual Materials |